Normal view
MARC view
- الاسلام - الشريعة الاسلامية
Entry Topical Term
001 - CONTROL NUMBER
- control field: 46135
003 - CONTROL NUMBER IDENTIFIER
- control field: JO-AjAnu
005 - DATE AND TIME OF LATEST TRANSACTION
- control field: 20230606081627.0
008 - FIXED-LENGTH DATA ELEMENTS
- fixed length control field: 230606|| aca||aabn | a|a d
040 ## - CATALOGING SOURCE
- Original cataloging agency: JO-AjAnu
- Transcribing agency: JO-AjAnu
150 ## - HEADING--TOPICAL TERM
- Topical term or geographic name entry element: الاسلام - الشريعة الاسلامية
670 ## - SOURCE DATA FOUND
- Source citation: Work cat.: (JO-AjAnu)23616: تاليف عزايزه، عدنان حسن, author 46134, حجية القرائن في الشريعة الإسلامية: البصمات - القيافة - دلالة الأثر - تحليل الدم